000 01103nam a2200217Ia 4500
999 _c34409
_d34409
001 114
003 GE_BSU
005 20241015154045.0
008 181216s2009||||ge |||||||||||||| ||geo||
020 _a9789941010880
040 _cGE_BSU
041 _ageo
080 _a616.31(075.8) ე–66
245 _aენდოდონტიის საფუძვლები :
_bსახელმძღვ. სტომატოლ. ფაკ. სტუდ. /
_cავტ. კოლ.: ქეთევან გოგილაშვილი, გიორგი მენაბდე, ნანა მელქაძე, სოფიო სამხარაძე ; ტექნ. რედ. ზაზა ბერიშვილი].
264 _aთბილისი :
_bთბილისის სახელმწიფო სამედიცინო უნივერსიტეტი,
_c2009.
300 _a253 გვ.:
_bსურ. ;
_c25 სმ.
504 _aბიბლიოგრ.: გვ. 254.
541 _h40 ლ.
653 _aენდოდონტია
942 _cBK
_2udc